World History for Dummies #1 - Statistics

General Stats
  • This quiz has been taken 277 times
    249 since last reset
  • The average score is 8 of 14
Answer Stats
Hint Answer % Correct
The United States bought Alaska from which country? Russia
93%
What's the Capital of the USA? Washington DC
91%
Whats's the name of the Ocean on the East of the USA? Atlantic
89%
What country gifted the United States with the Statue of Liberty? France
88%
Who was the first man on the moon? Neil Armstrong
81%
Who was president during the Cuban Missile Crisis? John F. Kennedy
69%
What do the stripes on the American flag represent? 13 colonies
67%
Which year was George H.W. Bush elected president? 1988
59%
What was the first American state? Delaware
56%
Who was the fourth president of the United States? James Madison
55%
Who was the shortest-serving United States president? William Henry Harrison
32%
On Which date did the Japanese attack Pearl Harbor? Dec. 7, 1941
31%
Who was the Confederate president during the Civil War? Jefferson Davis
26%
On What Date Was The Declaration Of Independence Signed? Aug 2, 1776
6%
No matching quizzes found
Score Distribution
Percent of People with Each Score
Percentile by Number Answered
Your Score History
You have not taken this quiz since the last reset